| 000 | 00792nam a2200301Ia 4500 | ||
|---|---|---|---|
| 001 | 3542 | ||
| 003 | IT-RoPAU | ||
| 008 | 130308s9999 xx 000 0 und d | ||
| 040 | _aIT-RoPAU | ||
| 040 | _cIT-RoPAU | ||
| 041 | _aITALIANO | ||
| 100 | _aMorandini Morando | ||
| 100 | _gCodice Aut. SPICS: 3592 | ||
| 245 | _aCorazzata Potemkin (La) | ||
| 245 | _bCorazzata Potemkin (La) | ||
| 250 | _a1a ed. | ||
| 260 | _aPADOVA | ||
| 260 | _bRadar | ||
| 260 | _c1969 [1° Ed.:1969 - Ed.Ling.Originale:1969] | ||
| 300 | _a"64 p. (prefazione: no ; testo: 64)" | ||
| 500 | _aAnalisi del Film di Ejzenstejn Biofilmografia di Ejzenstejn | ||
| 650 | _aAUTORI/OPERE DEL CINEMA | ||
| 650 | _eCodice materia Spics: 6807 | ||
| 942 | _cBK | ||
| 957 | _71 | ||
| 999 |
_c71395 _d71395 |
||
| 999 | _bSI | ||
| 999 | _g1 | ||